[Event "TCh-FRA Top 12 2014"]
[Site "Saint-Quentin FRA"]
[Date "2014.05.29"]
[Round "6.2"]
[White "Ragger, Markus"]
[Black "Matlakov, Maxim"]
[Result "1/2-1/2"]
[WhiteTitle "GM"]
[BlackTitle "GM"]
[WhiteElo "2632"]
[BlackElo "2689"]
[WhiteTeam "Bischwiller"]
[BlackTeam "Clichy-Echecs-92"]
[WhiteFideId "1610856"]
[BlackFideId "4168003"]
[EventDate "2014.05.24"]

1. Nf3 d5 2. d4 Nf6 3. c4 e6 4. g3 Bb4+ 5. Bd2 Be7 6. Bg2 c6 7. Qc2 O-O 8. O-O
b6 9. Rd1 Nbd7 10. b3 Bb7 11. Nc3 h6 12. Bf4 Nh5 13. Bc1 f5 14. e3 Bd6 15. Bb2
Rc8 16. Ne2 Qe7 17. Nf4 Nxf4 18. exf4 Rfd8 19. Qe2 Nf6 20. Rac1 Ne4 21. Nd2 c5
22. Nxe4 1/2-1/2

[Event "TCh-FRA Top 12 2014"]
[Site "Saint-Quentin FRA"]
[Date "2014.05.29"]
[Round "6.3"]
[White "Jakovenko, Dmitry"]
[Black "Buhmann, Rainer"]
[Result "1-0"]
[WhiteTitle "GM"]
[BlackTitle "GM"]
[WhiteElo "2730"]
[BlackElo "2579"]
[WhiteTeam "Clichy-Echecs-92"]
[BlackTeam "Bischwiller"]
[WhiteFideId "4122356"]
[BlackFideId "4651340"]
[EventDate "2014.05.24"]

1. d4 d5 2. c4 c6 3. Nf3 Nf6 4. e3 e6 5. b3 Nbd7 6. Bd3 Be7 7. O-O O-O 8. Nc3 b6
9. Bb2 Bb7 10. Qe2 Rc8 11. Rad1 Qc7 12. Ne5 Nxe5 13. dxe5 Nd7 14. cxd5 cxd5 15.
Nb5 Qb8 16. f4 Ba6 17. a4 g6 18. Bc2 Rfd8 19. Qf2 Bxb5 20. axb5 f5 21. g4 fxg4
22. Bb1 Nf8 23. Qg3 Bc5 24. b4 Bxb4 25. Qxg4 Bc3 26. Ba3 Rc5 27. Bxc5 bxc5 28.
h4 Qxb5 29. h5 Qb7 30. hxg6 hxg6 31. f5 exf5 32. Rxf5 Qg7 33. Rg5 Kh7 34. Kg2
Rd7 35. e6 Rb7 36. Bxg6+ 1-0

[Event "TCh-FRA Top 12 2014"]
[Site "Saint-Quentin FRA"]
[Date "2014.05.29"]
[Round "6.4"]
[White "Volokitin, Andrei"]
[Black "Van Wely, Loek"]
[Result "1/2-1/2"]
[WhiteTitle "GM"]
[BlackTitle "GM"]
[WhiteElo "2638"]
[BlackElo "2656"]
[WhiteTeam "Bischwiller"]
[BlackTeam "Clichy-Echecs-92"]
[WhiteFideId "14107090"]
[BlackFideId "1000268"]
[EventDate "2014.05.24"]

1. e4 c5 2. Nf3 e6 3. d4 cxd4 4. Nxd4 a6 5. Nc3 Qc7 6. Bd3 Nf6 7. f4 d6 8. O-O
Nbd7 9. Kh1 Be7 10. Bd2 b6 11. Qe2 Bb7 12. Rae1 Nc5 13. e5 dxe5 14. fxe5 Nfd7
15. Qg4 Nxe5 16. Qg3 O-O-O 17. Ndb5 axb5 18. Nxb5 Rxd3 19. cxd3 Qd7 20. Qxe5
Qxb5 21. Rxf7 Re8 22. Rc1 Kd7 23. b4 Qxd3 24. Bf4 Na6 25. b5 Rc8 26. Rxe7+ Kxe7
27. Qxg7+ Ke8 28. Rxc8+ Bxc8 29. Qg8+ Ke7 30. Bg5+ Kd6 31. Qd8+ Bd7 32. Qxb6+
Kd5 33. bxa6 Qf1+ 34. Qg1 Qxg1+ 35. Kxg1 Kc6 36. Be3 e5 37. Kf2 Bc8 38. a7 Kb7
39. Kg3 Be6 40. a3 Bd5 41. Kh3 Ka8 42. g4 Be4 43. Kh4 Bb1 44. Kg5 Bc2 45. Kf6
Bb1 46. Kxe5 Bc2 47. h4 Bd3 48. g5 Bg6 49. Kf6 Kb7 50. Kg7 Ka8 51. a4 Kb7 52. a5
Ka8 53. a6 Bb1 54. h5 Bc2 55. Kf6 1/2-1/2

[Event "TCh-FRA Top 12 2014"]
[Site "Saint-Quentin FRA"]
[Date "2014.05.29"]
[Round "6.5"]
[White "Fressinet, Laurent"]
[Black "Kosten, Anthony C."]
[Result "1-0"]
[WhiteTitle "GM"]
[BlackTitle "GM"]
[WhiteElo "2711"]
[BlackElo "2455"]
[WhiteTeam "Clichy-Echecs-92"]
[BlackTeam "Bischwiller"]
[WhiteFideId "608742"]
[BlackFideId "400114"]
[EventDate "2014.05.24"]

1. Nf3 Nf6 2. g3 d5 3. Bg2 Nbd7 4. d4 e6 5. O-O Be7 6. Nbd2 O-O 7. Re1 b6 8. e4
Nxe4 9. Nxe4 dxe4 10. Rxe4 Bb7 11. Re1 c5 12. Be3 Rc8 13. Qe2 Nf6 14. dxc5 Bxc5
15. Rad1 Qe7 16. Bg5 h6 17. Bf4 Rfd8 18. Rxd8+ Rxd8 19. Ne5 Bxg2 20. Kxg2 Qb7+
21. Qf3 Qxf3+ 22. Kxf3 b5 23. Be3 Rc8 24. Bxc5 Rxc5 25. c3 Nd5 26. Nd3 Rc6 27.
Re4 f6 28. a4 a6 29. Ke2 Kf7 30. Kd2 g5 31. Kc2 Rd6 32. Nc5 Rc6 33. b4 Nb6 34.
Rd4 Nxa4 35. Nxa4 bxa4 36. Rd1 e5 37. Ra1 Ke6 38. Rxa4 e4 39. Kb3 Kf5 40. c4 Kg4
41. b5 axb5 42. cxb5 Rb6 43. Rxe4+ Kf3 44. Rb4 f5 45. Kc4 Kxf2 46. Kc5 Rb8 47.
Kd6 Kg2 48. Rb2+ Kf3 49. b6 f4 50. gxf4 gxf4 51. Kc7 Rf8 52. b7 h5 53. b8=Q Rxb8
54. Kxb8 Ke4 55. Kc7 f3 56. Kd6 h4 57. Rb4+ Ke3 58. Ke5 f2 59. Re4+ Kd3 60. Rf4
Ke2 61. Kf5 f1=Q 62. Rxf1 Kxf1 63. Kg4 Kf2 64. Kxh4 1-0

[Event "TCh-FRA Top 12 2014"]
[Site "Saint-Quentin FRA"]
[Date "2014.05.29"]
[Round "6.6"]
[White "Le Roux, Jean-Pierre"]
[Black "Hamdouchi, Hicham"]
[Result "1-0"]
[WhiteTitle "GM"]
[BlackTitle "GM"]
[WhiteElo "2546"]
[BlackElo "2627"]
[WhiteTeam "Bischwiller"]
[BlackTeam "Clichy-Echecs-92"]
[WhiteFideId "609404"]
[BlackFideId "9000011"]
[EventDate "2014.05.24"]

1. d4 d5 2. Nf3 Nf6 3. c4 c6 4. Nbd2 g6 5. g3 Bg7 6. Bg2 O-O 7. O-O a5 8. b3 a4
9. Bb2 Bf5 10. Nh4 Be6 11. Re1 Na6 12. Bc3 b5 13. cxb5 cxb5 14. bxa4 b4 15. Bb2
Nd7 16. a3 Rb8 17. axb4 Nxb4 18. Bc3 Qc7 19. Bxb4 Rxb4 20. e3 Ra8 21. Bf1 Nb6
22. Bb5 Bd7 23. Bxd7 Nxd7 24. Nhf3 Ra5 25. Qc1 Qxc1 26. Rexc1 Bf6 27. g4 h6 28.
h4 g5 29. hxg5 hxg5 30. Rc8+ Kg7 31. Nf1 Rbxa4 32. Rxa4 Rxa4 33. Ng3 Ra7 34. Kg2
Kh7 35. Nh5 Rb7 36. Rd8 Ra7 37. Nd2 Bg7 38. Nf3 Bf6 39. Nxf6+ exf6 40. Nd2 Kg6
41. Rg8+ Kh7 42. Rd8 Kg6 43. Nb1 f5 44. gxf5+ Kxf5 45. Nc3 Nf6 46. Nxd5 Nxd5 47.
Rxd5+ Kf6 48. Kf3 Ra1 49. Ke4 Rg1 50. Rf5+ Ke7 51. Ke5 Ra1 52. d5 Ra5 53. f3 Ra3
54. e4 Rd3 55. Rf6 Ra3 56. d6+ Ke8 57. Rf5 Rd3 58. Rf6 Ra3 59. Kd5 Rd3+ 60. Kc5
Rd1 61. Rf5 Rc1+ 62. Kd5 Rd1+ 63. Kc6 Rd3 64. Rxg5 Rc3+ 65. Rc5 Rxf3 66. Kc7 1-0

[Event "TCh-FRA Top 12 2014"]
[Site "Saint-Quentin FRA"]
[Date "2014.05.29"]
[Round "6.7"]
[White "Tregubov, Pavel V."]
[Black "Marcelin, Cyril"]
[Result "1-0"]
[WhiteTitle "GM"]
[BlackTitle "GM"]
[WhiteElo "2616"]
[BlackElo "2490"]
[WhiteTeam "Clichy-Echecs-92"]
[BlackTeam "Bischwiller"]
[WhiteFideId "4115341"]
[BlackFideId "607274"]
[EventDate "2014.05.24"]

1. d4 d5 2. c4 c6 3. Nf3 Nf6 4. e3 g6 5. Nc3 Bg7 6. Bd3 O-O 7. O-O Bg4 8. h3
Bxf3 9. Qxf3 e6 10. Rd1 Nbd7 11. Bf1 Re8 12. e4 Nxe4 13. Nxe4 dxe4 14. Qxe4 Nf6
15. Qf3 Re7 16. Be3 Rd7 17. Rd2 Qa5 18. g4 Rad8 19. a3 e5 20. b4 Qc7 21. Rad1 e4
22. Qf4 Qxf4 23. Bxf4 h6 24. Be2 a6 25. h4 a5 26. g5 hxg5 27. hxg5 Ne8 28. d5
Bc3 29. Rc2 axb4 30. Bg4 f5 31. gxf6 Nxf6 32. Bxd7 Rxd7 33. axb4 Bxb4 34. Rb1
Bc5 35. dxc6 bxc6 36. Rb8+ Kf7 37. Rc8 Bd6 38. Bxd6 Rxd6 39. c5 Rd1+ 40. Kg2 Nd5
41. Rxc6 e3 42. Kf3 Nb4 43. Rc7+ Kf6 44. Rc4 exf2 45. Kxf2 Rb1 46. c6 Rb2+ 47.
Kf3 Nd3 48. Rc3 Ne5+ 49. Ke3 Rb8 50. Rb7 Rc8 51. c7 Ke6 52. Kd4 Nf7 53. Kc5 Ne5
54. Re3 Kf5 55. Kd5 Ng4 56. Rf3+ Kg5 57. Kd6 Nf6 58. Rb5+ 1-0

[Event "TCh-FRA Top 12 2014"]
[Site "Saint-Quentin FRA"]
[Date "2014.05.29"]
[Round "6.8"]
[White "Maisuradze, Nino"]
[Black "Skripchenko, Almira"]
[Result "0-1"]
[WhiteTitle "WGM"]
[BlackTitle "IM"]
[WhiteElo "2258"]
[BlackElo "2442"]
[WhiteTeam "Bischwiller"]
[BlackTeam "Clichy-Echecs-92"]
[WhiteFideId "13601717"]
[BlackFideId "13900145"]
[EventDate "2014.05.24"]

1. d4 e6 2. c4 Bb4+ 3. Bd2 Qe7 4. Nf3 Nf6 5. a3 Bxd2+ 6. Qxd2 d6 7. Nc3 O-O 8.
g3 Nbd7 9. Bg2 e5 10. O-O c6 11. e4 Nb6 12. b3 a5 13. a4 Bg4 14. h3 Bxf3 15.
Bxf3 exd4 16. Qxd4 Nbd7 17. Rfe1 Nc5 18. Bd1 Qe5 19. Qxe5 dxe5 20. Bc2 Rfd8 21.
Rad1 Ne6 22. Kg2 Nd7 23. Ne2 Ndc5 24. f4 f6 25. f5 Nd4 26. Nxd4 exd4 27. e5 d3
28. Bb1 fxe5 29. Rxe5 b6 30. Kf3 Rd7 31. Ke3 Kf7 32. Kf2 Rad8 33. Re3 Rd4 34.
Rde1 R8d7 35. Kf3 Nxb3 36. Rd1 Nc5 37. g4 Kf6 38. h4 h5 39. gxh5 Rxh4 40. Kg3
Rxc4 0-1

[Event "TCh-FRA Top 12 2014"]
[Site "Saint-Quentin FRA"]
[Date "2014.05.29"]
[Round "6.1"]
[White "Amin, Bassem"]
[Black "Swiercz, Dariusz"]
[Result "1-0"]
[WhiteTitle "GM"]
[BlackTitle "GM"]
[WhiteElo "2628"]
[BlackElo "2608"]
[WhiteTeam "C.E. de Bois-Colombes"]
[BlackTeam "C.E. de Rueil Malmaison"]
[WhiteFideId "10601457"]
[BlackFideId "1126881"]
[EventDate "2014.05.24"]

1. Nf3 c5 2. g3 g6 3. Bg2 Bg7 4. O-O Nc6 5. d3 d6 6. a3 Nf6 7. c4 Qd7 8. Nc3 b6
9. b4 Bb7 10. b5 Nd4 11. e3 Nxf3+ 12. Bxf3 d5 13. Bb2 O-O 14. e4 d4 15. Nb1 Ne8
16. a4 e5 17. a5 Nd6 18. a6 Bc8 19. Bg2 Qe7 20. f4 Bd7 21. Nd2 Rae8 22. Qf3 f5
23. Rae1 Kh8 24. Bc1 Qd8 25. exf5 Bxf5 26. fxe5 Nf7 27. g4 Bc8 28. Qxf7 Rxf7 29.
Rxf7 Bxg4 30. Rxa7 Qh4 31. Re4 Qg5 32. Nb3 Qh5 33. Rb7 Bf3 34. a7 Bxe4 35. Rb8
Qd1+ 36. Kf2 Bxg2 37. Rxe8+ Bf8 38. Rxf8+ Kg7 39. Kxg2 Qg4+ 40. Kf1 Qh3+ 41. Ke1
Qh4+ 42. Rf2 Qd8 43. Ra2 Qa8 44. Kd1 Qd8 1-0

[Event "TCh-FRA Top 12 2014"]
[Site "Saint-Quentin FRA"]
[Date "2014.05.29"]
[Round "6.2"]
[White "Baron, Tal"]
[Black "Bauer, Christian"]
[Result "1/2-1/2"]
[WhiteTitle "GM"]
[BlackTitle "GM"]
[WhiteElo "2515"]
[BlackElo "2628"]
[WhiteTeam "C.E. de Rueil Malmaison"]
[BlackTeam "C.E. de Bois-Colombes"]
[WhiteFideId "2809958"]
[BlackFideId "603767"]
[EventDate "2014.05.24"]

1. e4 e6 2. d4 d5 3. Nc3 Bb4 4. e5 c5 5. a3 Ba5 6. b4 cxd4 7. Nb5 Bc7 8. f4 Nc6
9. Nf3 Nh6 10. Bd3 Bd7 11. Bb2 O-O 12. O-O Bb6 13. Kh1 Nf5 14. Bxf5 exf5 15. Qd3
a5 16. Nbxd4 Bxd4 17. Bxd4 Nxd4 18. Nxd4 axb4 19. axb4 Qb6 20. c3 g6 21. Qe3 Qc7
22. Nb3 Rfc8 23. Qc5 Qxc5 24. Nxc5 Bb5 25. Rxa8 Rxa8 26. Rc1 Ra7 27. Kg1 b6 28.
Nb3 Ra3 29. Nd4 Bd3 30. Kf2 Be4 31. Ne2 Ra2 32. Rd1 Bxg2 33. Ke3 Be4 34. Rd2 Ra3
35. Kd4 Ra8 36. Rd1 Kf8 37. Rd2 Ke7 38. h4 Ra1 39. Ke3 Rh1 40. Ra2 Rxh4 41. Ra7+
Kf8 42. Ra8+ Kg7 43. Ra7 Rh3+ 44. Kd2 d4 45. Nxd4 Kg8 46. Rc7 h5 47. Rc8+ Kg7
48. Rc7 Kg8 49. Rc8+ Kg7 1/2-1/2

[Event "TCh-FRA Top 12 2014"]
[Site "Saint-Quentin FRA"]
[Date "2014.05.29"]
[Round "6.3"]
[White "Ipatov, Alexander"]
[Black "Williams, Simon K"]
[Result "1-0"]
[WhiteTitle "GM"]
[BlackTitle "GM"]
[WhiteElo "2613"]
[BlackElo "2465"]
[WhiteTeam "C.E. de Bois-Colombes"]
[BlackTeam "C.E. de Rueil Malmaison"]
[WhiteFideId "14116731"]
[BlackFideId "404454"]
[EventDate "2014.05.24"]

1. d4 e6 2. c4 f5 3. g3 Nf6 4. Bg2 Be7 5. Nh3 d6 6. b3 c6 7. Bb2 O-O 8. O-O Qe8
9. Nd2 a5 10. Nf4 g5 11. Nd3 Qg6 12. f3 f4 13. gxf4 Nh5 14. fxg5 Bxg5 15. Ne4
Be3+ 16. Kh1 e5 17. dxe5 d5 18. Bc1 Bxc1 19. Nf6+ Rxf6 20. Rxc1 Rf8 21. cxd5
cxd5 22. Rxc8 Rxc8 23. Bh3 Qc6 24. Rg1+ Ng7 25. Bxc8 Qxc8 26. Nf4 Kh8 27. Nxd5
Ra6 28. Nf6 Nc6 29. Qd3 Qh3 30. Rg3 Qf1+ 31. Rg1 Qh3 32. Qd5 Ra8 33. Qf7 1-0

[Event "TCh-FRA Top 12 2014"]
[Site "Saint-Quentin FRA"]
[Date "2014.05.29"]
[Round "6.4"]
[White "Renet, Olivier"]
[Black "Cornette, Matthieu"]
[Result "1-0"]
[WhiteTitle "GM"]
[BlackTitle "GM"]
[WhiteElo "2480"]
[BlackElo "2547"]
[WhiteTeam "C.E. de Rueil Malmaison"]
[BlackTeam "C.E. de Bois-Colombes"]
[WhiteFideId "600040"]
[BlackFideId "620084"]
[EventDate "2014.05.24"]

1. e4 e6 2. d4 d5 3. Nd2 c5 4. Ngf3 cxd4 5. exd5 Qxd5 6. Bc4 Qd7 7. O-O Nc6 8.
Nb3 Nf6 9. Qe2 Bd6 10. Rd1 e5 11. Nxe5 Bxe5 12. f4 Qg4 13. fxe5 Qxe2 14. Bxe2
Nxe5 15. Nxd4 O-O 16. Bf4 Ng6 17. Bd6 Rd8 18. Bc7 Re8 19. h3 Bd7 20. Bh2 Rac8
21. Re1 Ne4 22. Rad1 Re7 23. Bf1 h5 24. Bd3 f5 25. Rf1 Rf8 26. Rde1 Rf6 27. Re3
Nh4 28. Re2 Re8 29. Rf4 Ng6 30. Rf3 Nh4 31. Rfe3 Ref8 32. Be5 Rg6 33. Kh2 Re8
34. Bf4 Rb6 35. b3 Rf8 36. Bc7 Rb4 37. c4 Nc3 38. Bd6 Nxe2 39. Bxe2 Rb6 40. Bxf8
Kxf8 41. Bxh5 Rd6 42. Nf3 Nxg2 43. Kxg2 Bc6 44. Kg3 Rh6 45. Nd4 Rxh5 46. Nxc6
bxc6 47. Re6 Rg5+ 48. Kf4 Rg2 49. Rxc6 Rxa2 50. Rc7 Rb2 51. Rb7 a5 52. Kxf5 a4
53. b4 a3 54. b5 Rb4 55. Ke6 g5 56. Rb8+ Kg7 57. Kd5 Ra4 58. Re8 a2 59. Re1 a1=Q
60. Rxa1 Rxa1 61. b6 Kg6 62. c5 Rb1 63. Kc6 Kh5 64. b7 Kh4 65. Kc7 Kxh3 66. b8=Q
Rxb8 67. Kxb8 1-0

[Event "TCh-FRA Top 12 2014"]
[Site "Saint-Quentin FRA"]
[Date "2014.05.29"]
[Round "6.5"]
[White "Kazakov, Mikhail"]
[Black "Debray, Christopher"]
[Result "1-0"]
[WhiteTitle "GM"]
[BlackTitle "IM"]
[WhiteElo "2517"]
[BlackElo "2351"]
[WhiteTeam "C.E. de Bois-Colombes"]
[BlackTeam "C.E. de Rueil Malmaison"]
[WhiteFideId "14102749"]
[BlackFideId "630810"]
[EventDate "2014.05.24"]

1. d4 d5 2. c4 c6 3. Nc3 Nf6 4. Nf3 dxc4 5. a4 Bf5 6. Ne5 Na6 7. f3 Nd7 8. Nxd7
Bxd7 9. e4 e5 10. Bxc4 exd4 11. Qxd4 Nb4 12. Ke2 Be6 13. Qxd8+ Rxd8 14. Bxe6
fxe6 15. Rd1 Rxd1 16. Nxd1 Nc2 17. Rb1 Bd6 18. Bd2 Nd4+ 19. Kd3 Nb3 20. Be3 b6
21. Kc2 Nc5 22. h3 e5 23. a5 Kd7 24. axb6 axb6 25. Ra1 Rb8 26. Bxc5 bxc5 27.
Ra7+ Bc7 28. Ne3 Re8 29. Nc4 Kc8 30. Ra8+ Kd7 31. Rxe8 Kxe8 32. Kd3 h5 33. Ne3
g6 34. Kc4 Bd6 35. Nd1 Kf7 36. Nf2 Kf6 37. Nd3 Kg5 38. g3 h4 39. g4 Kf6 40. Nxc5
g5 41. Nb7 1-0

[Event "TCh-FRA Top 12 2014"]
[Site "Saint-Quentin FRA"]
[Date "2014.05.29"]
[Round "6.6"]
[White "Dubessay, Bastien"]
[Black "Abergel, Thal"]
[Result "0-1"]
[WhiteTitle "FM"]
[BlackTitle "GM"]
[WhiteElo "2352"]
[BlackElo "2417"]
[WhiteTeam "C.E. de Rueil Malmaison"]
[BlackTeam "C.E. de Bois-Colombes"]
[WhiteFideId "650048"]
[BlackFideId "614890"]
[EventDate "2014.05.24"]

1. d4 d6 2. c4 e5 3. d5 Be7 4. Nc3 Bg5 5. e3 f5 6. Nf3 Bf6 7. h4 Nh6 8. g3 O-O
9. Bh3 Na6 10. e4 f4 11. Bxc8 Qxc8 12. gxf4 exf4 13. Ng5 Nc5 14. f3 Qe8 15. Ne2
Nf7 16. Nxf7 Qxf7 17. h5 Rae8 18. Qc2 Be5 19. Bd2 Nxe4 20. fxe4 f3 21. O-O-O
fxe2 22. Rde1 Qf3 23. Qb3 Qxe4 24. Rhg1 Bd4 0-1

[Event "TCh-FRA Top 12 2014"]
[Site "Saint-Quentin FRA"]
[Date "2014.05.29"]
[Round "6.7"]
[White "Guichard, Pauline"]
[Black "Loiseau, Quentin"]
[Result "1/2-1/2"]
[WhiteTitle "WGM"]
[BlackTitle "IM"]
[WhiteElo "2352"]
[BlackElo "2365"]
[WhiteTeam "C.E. de Bois-Colombes"]
[BlackTeam "C.E. de Rueil Malmaison"]
[WhiteFideId "639370"]
[BlackFideId "665274"]
[EventDate "2014.05.24"]

1. d4 d5 2. c4 c6 3. Nf3 Nf6 4. e3 Nbd7 5. Bd3 dxc4 6. Bxc4 e6 7. O-O Bd6 8. b3
O-O 9. Bb2 Qc7 10. Nbd2 e5 11. Qc2 exd4 12. exd4 Nb6 13. Rfe1 Nbd5 14. Ne5 Be6
15. a3 Rae8 16. Rad1 g6 17. Ndf3 Nh5 18. Bf1 f6 19. Nc4 Bf5 20. Bd3 Bxd3 21.
Qxd3 Nhf4 22. Qc2 Qd7 23. Nxd6 Qxd6 24. Bc1 Ne6 25. Re2 Re7 26. Rde1 Rfe8 27.
Bb2 Qd7 28. Qd1 Ndf4 29. Re3 Nd5 30. R3e2 Nef4 31. Rxe7 Rxe7 32. Rxe7 Qxe7 33.
Qe1 Qd7 34. Bc1 Ne6 35. Qe4 Qe7 36. g3 Ng7 37. Qxe7 Nxe7 38. Kf1 Kf7 39. Ke2 Ke6
40. Kd3 Ngf5 41. Nd2 Nd5 42. Ne4 b6 43. Bd2 Nd6 44. f3 h5 45. h3 Nf5 46. h4 Nc7
47. Bc1 Nd5 48. Bd2 Kd7 49. a4 Ng7 50. Be1 Ne6 51. Bd2 Nef4+ 1/2-1/2

[Event "TCh-FRA Top 12 2014"]
[Site "Saint-Quentin FRA"]
[Date "2014.05.29"]
[Round "6.8"]
[White "Congiu, Mathilde"]
[Black "Vuilleumier, Alexandre"]
[Result "0-1"]
[WhiteTitle "WIM"]
[BlackTitle "IM"]
[WhiteElo "2279"]
[BlackElo "2338"]
[WhiteTeam "C.E. de Rueil Malmaison"]
[BlackTeam "C.E. de Bois-Colombes"]
[WhiteFideId "634581"]
[BlackFideId "1305662"]
[EventDate "2014.05.24"]

1. e4 e6 2. d4 d5 3. Nd2 c5 4. Ngf3 Nc6 5. exd5 exd5 6. Bb5 Bd6 7. O-O Ne7 8.
dxc5 Bxc5 9. c3 O-O 10. Nb3 Bb6 11. Nfd4 Qd6 12. Re1 Bc7 13. g3 Ng6 14. Bf1 Nce5
15. Nb5 Qd8 16. Nxc7 Bg4 17. Be2 Bxe2 18. Qxe2 Qxc7 19. Kg2 Nc4 20. Nd4 Qd7 21.
Qh5 Rfe8 22. Rxe8+ Rxe8 23. b3 Re5 24. Qh3 Qxh3+ 25. Kxh3 Nd6 26. Be3 a6 27. Rd1
Ne4 28. Nf3 Rf5 29. Kg2 h5 30. Bd4 Ng5 31. Nxg5 Rxg5 32. Kf3 Ne5+ 33. Ke2 Nc6
34. Be3 Rf5 35. h3 g5 36. f4 gxf4 37. Bxf4 h4 38. Ke3 hxg3 39. Rg1 f6 40. Rxg3+
Kf7 41. Bc7 Rf1 42. Rf3 Rh1 43. Rg3 Ke6 44. Bb6 Rh2 45. a4 a5 46. Bd4 Rb2 47. h4
Rh2 48. Bc5 Rxh4 49. Rg7 d4+ 50. cxd4 Rh3+ 51. Ke4 f5+ 52. Kf4 Rh4+ 53. Ke3 Rh3+
54. Kf4 Rxb3 55. Rg6+ Kd5 56. Rd6+ Kc4 57. Kxf5 Nb4 58. Rb6 Nd5 59. Rxb3 Kxb3
60. Ke5 Kc4 61. Bf8 Nb6 62. Be7 Nxa4 63. Bd8 Kb5 64. d5 Nc5 65. d6 a4 66. Kd5
Nd7 67. Bg5 Kb4 68. Be3 a3 69. Bd4 a2 70. Ke6 Kc4 71. Ba1 Nc5+ 72. Ke7 b5 73. d7
Nxd7 74. Kxd7 b4 75. Kc6 b3 76. Bg7 Kd3 77. Kc5 Kc2 0-1

[Event "TCh-FRA Top 12 2014"]
[Site "Saint-Quentin FRA"]
[Date "2014.05.29"]
[Round "6.1"]
[White "Riazantsev, Alexander"]
[Black "Baklan, Vladimir"]
[Result "0-1"]
[WhiteTitle "GM"]
[BlackTitle "GM"]
[WhiteElo "2692"]
[BlackElo "2636"]
[WhiteTeam "Club d'Echecs Metz Fischer"]
[BlackTeam "C.E. Strasbourg"]
[WhiteFideId "4125029"]
[BlackFideId "14102196"]
[EventDate "2014.05.24"]

1. e4 c5 2. Nf3 Nc6 3. Bb5 Nf6 4. Nc3 g6 5. Bxc6 bxc6 6. e5 Nd5 7. Ne4 Bg7 8.
O-O d6 9. c4 f5 10. Nxc5 dxc5 11. cxd5 Qxd5 12. b3 O-O 13. Ba3 Bxe5 14. Nxe5
Qxe5 15. Re1 Qf6 16. Qc2 f4 17. Qxc5 f3 18. Qc4+ Rf7 19. Bxe7 Qf5 20. Qxc6 Qg4 0-1

[Event "TCh-FRA Top 12 2014"]
[Site "Saint-Quentin FRA"]
[Date "2014.05.29"]
[Round "6.2"]
[White "Vaisser, Anatoly"]
[Black "Postny, Evgeny"]
[Result "0-1"]
[WhiteTitle "GM"]
[BlackTitle "GM"]
[WhiteElo "2531"]
[BlackElo "2641"]
[WhiteTeam "C.E. Strasbourg"]
[BlackTeam "Club d'Echecs Metz Fischer"]
[WhiteFideId "603252"]
[BlackFideId "2804344"]
[EventDate "2014.05.24"]

1. d4 d5 2. Bf4 Nf6 3. e3 c5 4. Nc3 cxd4 5. exd4 a6 6. Nf3 Bg4 7. Be2 Nc6 8. Ne5
Bxe2 9. Nxe2 e6 10. O-O Be7 11. c4 dxc4 12. Nxc6 bxc6 13. Qa4 O-O 14. Qxc4 Qb6
15. Rab1 Qb5 16. Rfc1 Rfc8 17. a4 Qf5 18. b4 Nd5 19. Bd2 Bd6 20. h3 h6 21. Rb2
a5 22. bxa5 Ba3 23. Rb7 Bxc1 24. Nxc1 Nf6 25. Nd3 Ne4 26. Bb4 c5 27. g4 Qf3 28.
Rxf7 Qxf7 0-1

[Event "TCh-FRA Top 12 2014"]
[Site "Saint-Quentin FRA"]
[Date "2014.05.29"]
[Round "6.3"]
[White "Wirig, Anthony"]
[Black "Nataf, Igor-Alexandre"]
[Result "1/2-1/2"]
[WhiteTitle "GM"]
[BlackTitle "GM"]
[WhiteElo "2488"]
[BlackElo "2541"]
[WhiteTeam "Club d'Echecs Metz Fischer"]
[BlackTeam "C.E. Strasbourg"]
[WhiteFideId "615013"]
[BlackFideId "605492"]
[EventDate "2014.05.24"]

1. d4 Nf6 2. c4 g6 3. Nc3 Bg7 4. e4 d6 5. f4 c5 6. d5 O-O 7. Bd3 e6 8. dxe6 fxe6
9. Nf3 Nh5 10. g3 Nc6 11. O-O Nd4 12. Nxd4 cxd4 13. Nb5 a6 14. Na3 b6 15. Nc2
Bb7 16. Bd2 e5 17. fxe5 a5 18. Rxf8+ Qxf8 19. Qg4 Bc8 20. e6 Qe8 21. Qf3 Bxe6
22. Qf2 Rc8 23. b3 Nf6 24. Bf4 Ng4 25. Qd2 Ne5 26. Rf1 Bh3 27. Rf2 Ng4 28. Rf3
Qc6 29. Bf1 Bxf1 30. Rxf1 Qxe4 31. Re1 Qf5 32. Nxd4 Qc5 33. Rd1 g5 34. Be3 Re8
35. Bf2 Rf8 36. Be3 d5 37. Nc2 Nxe3 38. Qxe3 dxc4 39. Qxc5 bxc5 40. bxc4 Rf3 41.
Kg2 Rc3 42. Rd2 g4 43. Re2 Rxc4 44. Ne3 Re4 45. Kf1 h5 46. Nf5 Re5 47. Nd6 Rd5
48. Nc4 Rd4 49. Rc2 a4 50. Ke2 Kf7 51. Ne3 Bf8 52. Rc4 Ke6 53. Rxd4 cxd4 54. Nc4
Kf5 55. Kd3 Bc5 56. a3 Kg5 57. Nb2 h4 58. Nxa4 Bd6 59. gxh4+ Kxh4 60. Kxd4 Bxa3
61. Ke4 Kh3 62. Kf5 Bd6 63. Nc3 Bxh2 64. Ne4 Bg1 65. Nf6 g3 66. Nh5 g2 67. Nf4+
Kg3 68. Nxg2 1/2-1/2

[Event "TCh-FRA Top 12 2014"]
[Site "Saint-Quentin FRA"]
[Date "2014.05.29"]
[Round "6.4"]
[White "Rozentalis, Eduardas"]
[Black "Svetushkin, Dmitry"]
[Result "1-0"]
[WhiteTitle "GM"]
[BlackTitle "GM"]
[WhiteElo "2618"]
[BlackElo "2544"]
[WhiteTeam "C.E. Strasbourg"]
[BlackTeam "Club d'Echecs Metz Fischer"]
[WhiteFideId "12800023"]
[BlackFideId "13900463"]
[EventDate "2014.05.24"]

1. e4 e5 2. Nf3 Nc6 3. Nc3 Nf6 4. g3 Bc5 5. Bg2 d6 6. d3 a6 7. O-O h6 8. Be3
Bxe3 9. fxe3 O-O 10. Nh4 g6 11. Qd2 Kg7 12. d4 Qe7 13. Rf2 Nb8 14. Raf1 Nbd7 15.
Nd5 Nxd5 16. exd5 e4 17. Qa5 Nb6 18. Rf6 Bd7 19. b3 Rae8 20. c4 Qd8 21. Qd2 Qxf6
22. Rxf6 Kxf6 23. Qc2 Kg7 24. Bxe4 f5 25. Bf3 Rxe3 26. c5 Rxf3 27. cxb6 Re3 28.
Qxc7 Rf7 29. Qxd6 f4 30. Qxg6+ Kf8 31. Qxh6+ Ke8 32. Ng6 1-0

[Event "TCh-FRA Top 12 2014"]
[Site "Saint-Quentin FRA"]
[Date "2014.05.29"]
[Round "6.5"]
[White "Terrieux, Kevin"]
[Black "Sanikidze, Tornike"]
[Result "0-1"]
[WhiteTitle "IM"]
[BlackTitle "GM"]
[WhiteElo "2416"]
[BlackElo "2514"]
[WhiteTeam "Club d'Echecs Metz Fischer"]
[BlackTeam "C.E. Strasbourg"]
[WhiteFideId "622591"]
[BlackFideId "13602608"]
[EventDate "2014.05.24"]

1. d4 d6 2. Nf3 g6 3. g3 Bg7 4. Bg2 Nd7 5. c4 e5 6. Nc3 Ne7 7. O-O O-O 8. e4
exd4 9. Nxd4 Nc6 10. Nde2 Nc5 11. Be3 f5 12. exf5 Bxf5 13. Nd4 Nxd4 14. Bxd4 Bd3
15. Bxg7 Kxg7 16. Re1 Qf6 17. Qd2 Bxc4 18. Ne4 Nxe4 19. Rxe4 d5 20. Rf4 Qd6 21.
Rh4 h5 22. b3 Ba6 23. Qxd5 Qf6 24. Qd4 Rad8 25. Qxf6+ Rxf6 26. Bf1 Bxf1 27. Rxf1
Rd2 28. Ra4 a6 29. Rc4 c6 30. a4 Kf7 31. f4 Rb2 32. Rb4 b5 33. axb5 cxb5 34. Rf2
Rxf2 35. Kxf2 Rc6 36. Rd4 Rc2+ 37. Ke3 Rc3+ 38. Rd3 Rxd3+ 39. Kxd3 a5 40. h3 Ke6
41. Kd4 Kf5 0-1